00365nam a2200157Ia 4500003000400000005001700004008004100021040000700062041000800069082001600077100002100093245002900114260004000143300000900183650001500192OSt20260312095715.0250729s2007 xx 000 0 und d cAL akan a370.15 KONS aDr.N.B Kongawada aShykshanikha manovijnana aGadagabVidhyanidhi Prakashanc2007 a715p aPsychology